| 000 | 00742cam a2200217 4500 | ||
|---|---|---|---|
| 001 | 8242 | ||
| 005 | 20181127185441.0 | ||
| 008 | 111013s2012 njua b 001 0 eng | ||
| 010 | _a 2011041449 | ||
| 020 | _a9781119979678 (pbk.) | ||
| 082 | 0 | 0 |
_a658.15/11 _223 |
| 100 | 1 | _aCollier, Paul M. | |
| 245 | 1 | 0 |
_aAccounting for managers : _binterpreting accounting information for decision-making / _cPaul M. Collier. |
| 250 | _a4th ed. | ||
| 260 |
_aHoboken, N.J. : _bWiley, _c2012. |
||
| 300 |
_axix, 558 p. : _bill. (some col.) ; _c24 cm. |
||
| 504 | _aIncludes bibliographical references and index. | ||
| 650 | 0 | _aManagerial accounting. | |
| 650 | 7 |
_aBUSINESS & ECONOMICS / Accounting / Managerial. _2 |
|
| 999 |
_c7112 _d7112 |
||